The wireless networking starter kit : the practical guide to Wi-Fi networks for Windows and Macintosh (Record no. 8235)

000 -LEADER
fixed length control field 00632 a2200181 4500
020 ## - INTERNATIONAL STANDARD BOOK NUMBER
International Standard Book Number 0321174089
040 ## - CATALOGING SOURCE
Original cataloging agency DLC
Language of cataloging DLC
082 00 - DEWEY DECIMAL CLASSIFICATION NUMBER
Classification number 004.6/8
100 1# - MAIN ENTRY--PERSONAL NAME
Personal name Engst, Adam C.
245 14 - TITLE STATEMENT
Title The wireless networking starter kit : the practical guide to Wi-Fi networks for Windows and Macintosh
Statement of responsibility, etc. by Adam Engst and Glenn Fleishman.
260 ## - PUBLICATION, DISTRIBUTION, ETC.
Place of publication, distribution, etc. Berkeley, CA :
Name of publisher, distributor, etc. Peachpit Press,
Date of publication, distribution, etc. c2003.
300 ## - PHYSICAL DESCRIPTION
Extent xvi, 318 p. :
Other physical details ill. ;
Dimensions 24 cm.
500 ## - GENERAL NOTE
General note "Covers 802.11a and 802.11b, including Apple's AirPort"--Cover.
500 ## - GENERAL NOTE
General note Includes index.
650 #0 - SUBJECT ADDED ENTRY--TOPICAL TERM
Topical term or geographic name entry element Wireless LANs.
700 1# - ADDED ENTRY--PERSONAL NAME
Personal name Fleishman, Glenn.
942 ## - ADDED ENTRY ELEMENTS (KOHA)
Koha item type Book
Call number prefix 621.3821 ENG
Source of classification or shelving scheme
Holdings
Withdrawn status Lost status Damaged status Not for loan Collection code Permanent Location Current Location Shelving location Date acquired Source of acquisition Cost, normal purchase price Total Checkouts Full call number Barcode Date last seen Date last checked out Price effective from Koha item type
          Central Library (CL) Central Library (CL) General Stacks 06/06/2003 Academic Book company 221.26 1 621.3821 ENG SEECS003482 07/22/2016 07/22/2016 01/05/2017 Book
© 2023 Central Library, National University of Sciences and Technology. All Rights Reserved.